Избранные произведения: в 2 т.; записки военного корреспондента; Т. 2. Люди 40-х годов

Dettagli Bibliografici
Autore principale: Жуков Ю. А. Юрий Александрович
Lingua:russo
Pubblicazione: Москва, Мысль, 1989
Soggetti:
Natura: MixedMaterials Libro
KOHA link:https://koha.lib.tpu.ru/cgi-bin/koha/opac-detail.pl?biblionumber=169055

MARC

LEADER 00000nam0a2200000 4500
001 169055
005 20231031163305.0
010 |a 5244003585 
010 |a 5-244-00139-6 
020 |a RU  |b 90-62419 
035 |a (RuTPU)RU\TPU\book\183390 
090 |a 169055 
100 |a 20091106g1989 m y0rusy5003 ca 
101 0 |a rus 
102 |a RU 
105 |a a z 000zy 
200 1 |a Избранные произведения  |e в 2 т.  |h Т. 2. Люди 40-х годов  |e записки военного корреспондента  |f Ю. А. Жуков 
210 |a Москва  |c Мысль  |d 1989 
215 |d 22 см  |a 591 с.  |c 24 л. ил. 
610 1 |a Великая Отечественная война 1941-1945 
610 1 |a танкисты 
686 |a Т3(2)722  |2 rubbk 
700 1 |a Жуков  |b Ю. А.  |g Юрий Александрович  |4 070 
801 0 |a RU  |b RuMRKP  |c 19950417  |g psbo 
801 1 |a RU  |b 63413507  |c 20091106 
801 2 |a RU  |b 63413507  |c 20140303  |g RCR 
942 |c BK